[Event "HUN-chT2 Erkel 1314"]
[Site "Hungary"]
[Date "2014.03.02"]
[Round "8.11"]
[White "Toth Katona, Tamas"]
[Black "Kormos, Jozsef"]
[Result "1-0"]
[WhiteElo "1868"]
[BlackElo "1878"]
[PlyCount "77"]
[EventDate "2013.09.08"]
[EventType "team-tourn"]
[EventRounds "11"]
[EventCountry "HUN"]
[SourceTitle "EXT 2016"]
[Source "ChessBase"]
[SourceDate "2015.10.08"]
[SourceVersion "1"]
[SourceVersionDate "2015.10.08"]
[SourceQuality "1"]
[WhiteTeam "Vizugy"]
[BlackTeam "Paszto"]
[WhiteTeamCountry "HUN"]
[BlackTeamCountry "HUN"]

1. e4 c5 2. Nc3 g6 3. g3 Bg7 4. Bg2 Nc6 5. d3 Nf6 6. Be3 d6 7. h3 Bd7 8. Qd2 Qb6 9. Nd1 Nd4 10. c3 Ne6 11. f4 Bc6 12. g4 h5 13. g5 Nd7 14. Ne2 f5 15. 0-0 0-0 16. Ng3 fxe4 17. dxe4 Nd8 18. a4 Qc7 19. h4 Nb6 20. b3 e6 21. a5 Nd7 22. Nb2 b5 23. b4 Nf7 24. Rae1 a6 25. Bh3 Rae8 26. Nd3 c4 27. Nc1 Nd8 28. Nce2 Bb7 29. f5 exf5 30. exf5 Be5 31. Nf4 Bxf4 32. Bxf4 Ne5 33. Bxe5 dxe5 34. Ne4 Kg7 35. f6+ Kh8 36. Nd6 Qc6 37. Nxb7 Qxb7 38. Qd7 Qc6 39. Qg7# 1-0

[Event "HUN-chT2 Erkel 1314"]
[Site "Hungary"]
[Date "2013.11.03"]
[Round "4.10"]
[White "Kormos, Jozsef"]
[Black "Somogyi, Gabor"]
[Result "0-1"]
[WhiteElo "1878"]
[BlackElo "1986"]
[PlyCount "34"]
[EventDate "2013.09.08"]
[EventType "team-tourn"]
[EventRounds "11"]
[EventCountry "HUN"]
[SourceTitle "EXT 2016"]
[Source "ChessBase"]
[SourceDate "2015.10.08"]
[SourceVersion "1"]
[SourceVersionDate "2015.10.08"]
[SourceQuality "1"]
[WhiteTeam "Paszto"]
[BlackTeam "Dunaharaszti II"]
[WhiteTeamCountry "HUN"]
[BlackTeamCountry "HUN"]

1. e4 c6 2. d4 d5 3. Nc3 dxe4 4. Nxe4 Nd7 5. Nf3 Ngf6 6. Nxf6+ Nxf6 7. Be3 Bg4 8. Be2 e6 9. h3 Bh5 10. Ne5 Bxe2 11. Qxe2 Qa5+ 12. c3 Be7 13. 0-0 0-0 14. Bg5 Rfd8 15. Rfe1 Qc7 16. Ng4 Nxg4 17. Bxe7 Qh2+ 0-1

[Event "HUN-chT2 Erkel 1314"]
[Site "Hungary"]
[Date "2013.09.22"]
[Round "2.11"]
[White "Teglas, Matyas"]
[Black "Kormos, Jozsef"]
[Result "0-1"]
[WhiteElo "1650"]
[BlackElo "1878"]
[PlyCount "70"]
[EventDate "2013.09.08"]
[EventType "team-tourn"]
[EventRounds "11"]
[EventCountry "HUN"]
[SourceTitle "EXT 2016"]
[Source "ChessBase"]
[SourceDate "2015.10.08"]
[SourceVersion "1"]
[SourceVersionDate "2015.10.08"]
[SourceQuality "1"]
[WhiteTeam "Szada GSBE"]
[BlackTeam "Paszto"]
[WhiteTeamCountry "HUN"]
[BlackTeamCountry "HUN"]

1. d4 Nf6 2. Nf3 e6 3. Bf4 Nh5 4. Bg5 Be7 5. Bxe7 Qxe7 6. c3 Nf6 7. Nbd2 b6 8. e3 Bb7 9. Be2 0-0 10. 0-0 c5 11. Nc4 Nc6 12. dxc5 bxc5 13. Nd6 Rad8 14. Ng5 h6 15. Ngxf7 Rxf7 16. Nxf7 Qxf7 17. Qc2 Rf8 18. h3 d5 19. f4 Ne7 20. Rad1 Nf5 21. Qc1 Ng3 22. Rfe1 Nxe2+ 23. Rxe2 Ba6 24. Rc2 Qg6 25. g4 Bd3 26. Rf2 Ne4 27. Rg2 c4 28. b4 Qf6 29. Qa3 Rf7 30. Rc1 Qd8 31. Re1 Qh4 32. Rd1 Qxh3 33. Re1 Qh4 34. Rd1 Nf2 35. Rd2 Nh3+ 0-1

[Event "HUN-chT2 Erkel 1112"]
[Site "Hungary"]
[Date "2012.03.12"]
[Round "7.10"]
[White "Ruck, Robert1111"]
[Black "Kormos, Jozsef"]
[Result "1-0"]
[WhiteElo "1942"]
[BlackElo "1892"]
[PlyCount "77"]
[EventDate "2011.09.25"]
[EventType "team-tourn"]
[EventRounds "11"]
[EventCountry "HUN"]
[SourceTitle "EXT 2013"]
[Source "ChessBase"]
[SourceDate "2012.11.22"]
[SourceVersion "1"]
[SourceVersionDate "2012.11.22"]
[SourceQuality "1"]
[WhiteTeam "Sarkany"]
[BlackTeam "Paszto"]
[WhiteTeamCountry "HUN"]
[BlackTeamCountry "HUN"]

1. e4 c5 2. Nf3 d6 3. Bb5+ Bd7 4. Bxd7+ Qxd7 5. c4 Nf6 6. Nc3 Nc6 7. d4 Nxd4 8. Nxd4 cxd4 9. Qxd4 g6 10. Be3 Bg7 11. f3 0-0 12. Qd2 Rfc8 13. b3 b5 14. e5 dxe5 15. Nxb5 Qxd2+ 16. Kxd2 e4 17. Rac1 a6 18. Nc3 exf3 19. gxf3 e6 20. Ke2 Kf8 21. Na4 Nd7 22. Rhd1 Ke8 23. c5 Rc6 24. Rxd7 Kxd7 25. Nb6+ Rxb6 26. cxb6 Be5 27. a4 Rc8 28. Rd1+ Kc6 29. b4 h5 30. f4 Bd6 31. b5+ axb5 32. axb5+ Kd7 33. b7 Rc2+ 34. Kf3 Kc7 35. Rxd6 Kxb7 36. Rd7+ Kc8 37. Rxf7 Rxh2 38. b6 h4 39. f5 1-0